000 00625cam a2200205 4500
001 J92826
008 090401t1998 xxu||||| |||| 00| 0 eng d
035 _a(Sirsi) u87359
041 0 _aeng
050 0 4 _a333.337094212 $2 18
110 1 _aLondon
_bCorporation of London
_92224
245 0 0 _aCity of London market commentary
_bthe sixth annual report by the City Surveyor
_bSpring '98
260 _aLondon
_bCorporation of London
_c1998
300 _a27p.
_bill.
_c30cm.
350 _a0
651 4 _aCITY OF LONDON
690 _aPROPERTY-COMMERCIAL PROPERTY-COMMERCIAL PROPERTY MARKET
942 _n0
948 _c13/07/1998
999 _c97227
_d97227